Interim guidance (Record no. 81376)

MARC details
000 -LEADER
fixed length control field 00916cad a22002055a 4500
001 - CONTROL NUMBER
control field E147074
008 - FIXED-LENGTH DATA ELEMENTS--GENERAL INFORMATION
fixed length control field 090327e20090324xxk 000 0 eng d
035 ## - SYSTEM CONTROL NUMBER
System control number (Sirsi) u147074
041 0# - LANGUAGE CODE
Language code of text/sound track or separate title eng
110 2# - MAIN ENTRY--CORPORATE NAME
Corporate name or jurisdiction name as entry element Royal Institution of Chartered Surveyors
Subordinate unit Valuation Professional Group
9 (RLIN) 5719
245 00 - TITLE STATEMENT
Title Interim guidance
Remainder of title apportionments for SDLT and goodwill purposes in trade related properties
Medium [electronic resource]
260 ## - PUBLICATION, DISTRIBUTION, ETC.
Date of publication, distribution, etc. 2009
490 ## - SERIES STATEMENT
Series statement RICS Feature
Volume/sequential designation 24 March 2009
520 ## - SUMMARY, ETC.
Summary, etc. Sets out how a valuer or agent should respond when contacted by the VOA seeking to clear cases under enquiry, as proposed in its recent "Overview" document.
590 ## - LOCAL NOTE (RLIN)
Local note KA
651 #4 - SUBJECT ADDED ENTRY--GEOGRAPHIC NAME
Geographic name United Kingdom
Chronological subdivision
690 ## - LOCAL SUBJECT ADDED ENTRY--TOPICAL TERM (OCLC, RLIN)
Topical term or geographic name as entry element PROPERTY-PROPERTY APPRAISAL AND VALUATION
856 40 - ELECTRONIC LOCATION AND ACCESS
Uniform Resource Identifier <a href="https://www.rics.org/site/scripts/news_article.aspx?newsID=740&categoryID=197">https://www.rics.org/site/scripts/news_article.aspx?newsID=740&categoryID=197</a>
Public note View the article free of charge at www.rics.org...
942 ## - ADDED ENTRY ELEMENTS (KOHA)
Suppress in OPAC 0
Holdings
Withdrawn status Lost status Source of classification or shelving scheme Damaged status Not for loan Home library Current library Shelving location Date acquired Total Checkouts Full call number Barcode Date last seen Copy number Price effective from Koha item type
    Dewey Decimal Classification     Virtual Virtual Online 27/03/2009   ONLINE PUBLICATION 147074-2001 06/08/2019 1 06/08/2019 Book